000 00376nam a2200133Ia 4500
003 GCL
008 140319s9999 xx 000 0 ara d
040 _aGCL /
_cGCL
082 0 4 _a780.9034
_bح ج
100 1 _aحسام الدين زكريا
245 1 0 _aجوستاف مالر اخر الرومانتكيين /
_cحسام الدين زكريا
300 _a207 ص
490 _a
999 _c37919
_d37919